000 00375nam a2200145Ia 4500
008 230711s9999||||xx |||||||||||||| ||und||
041 _aENG
082 _a621.319
_bMU-T
100 _aMurthy,DVS
245 0 _aTransducers and instrumentation
250 _a1st Ed.
260 _c2003
_aNew Delhi
_bPHI Learning Private Limited
650 _aElectrical Engineering
942 _cBK
999 _c4442
_d4442